|
|
|
|
| LEADER |
00000nam a22000007a 4500 |
| 005 |
20210826112854.0 |
| 007 |
cr|||| |||| |
| 008 |
210826s2020 eu |||||s|||| 00||0 eng d |
| 020 |
|
|
|a 978-92-846-7543-2
|
| 035 |
|
|
|a 34323
|
| 040 |
|
|
|a vLex
|
| 090 |
|
|
|c 12132
|d 12132
|
| 100 |
1 |
|
|a Zumer, Klemen
|
| 245 |
1 |
0 |
|a Slowing down or changing track?
|h [Recurso electrn̤ico] :
|b Understanding the dynamics of 'Slowbalisation' /
|c Klemen Zumer, Cecilia Navarra, Jana Titievskaia, Carla Stamegna, Vadim Kononenko
|
| 256 |
|
|
|a Servicio en ln̕ea
|
| 260 |
|
|
|a Bruselas:
|b European Union Publications Office,
|c 2020
|
| 300 |
|
|
|a 1 recurso electrn̤ico
|
| 500 |
|
|
|a Slowbalisation – understood as the slowdown in global integration – is said to have started in the aftermath of the global financial crisis of 2007-2008. The coronavirus pandemic brought about a further dramatic fall in cross-border movement of goods, services, capital and people, to the extent that commentators have proclaimed the beginning of deglobalisation. This paper examines whether the phenomenon described as slowbalisation is myth or reality, by looking at five different pathways of globalisation: international trade, financial openness, increasing inequality, cross-border social movement, and digital exchanges. The key conclusion is that slowbalisation has not been a uniform trend. While international economic globalisation has indeed slowed, the 'digital leap' and continued inequality suggest that globalisation is merely changing form, not disappearing.
|
| 506 |
1 |
|
|a Disponible solo en los productos indicados
|d vLex Global
|d vLex Global (Academic Edition, excluding Law Schools)
|d vLex Global (U.S. Academic Edition, Law Schools)
|d vLex Global (U.S. Academic Edition, excluding Law Schools)
|d vLex Global (Academic Edition, Law Schools)
|
| 650 |
0 |
4 |
|a Economa̕ y negocios
|z Unin̤ Europea
|
| 700 |
1 |
|
|a Navarra, Cecilia
|
| 700 |
1 |
|
|a Titievskaia, Jana
|
| 700 |
1 |
|
|a Stamegna, Carla
|
| 700 |
1 |
|
|a Kononenko, Vadim
|
| 740 |
0 |
|
|a vLex Libros (Servicio en ln̕ea)
|
| 856 |
4 |
0 |
|u https://app.vlex.com/#/sources/34323
|z Acceso restringido
|
| 942 |
|
|
|c BOOK
|
| 999 |
0 |
|
|a Economy and business
|